| 000 | 00816nam a22002417a 4500 | ||
|---|---|---|---|
| 003 | OSt | ||
| 005 | 20160920135409.0 | ||
| 008 | 160322b xxu||||| |||| 00| 0 eng d | ||
| 020 | _a978-1-118-09461-7 | ||
| 040 | _cLIC | ||
| 082 |
_22013 _aDC 152.402 _bK13 |
||
| 100 |
_94291 _aKanoy, Korrel. |
||
| 245 |
_aThe student EQ edge : _bfacilitation and activity guide / _cKorrel Kanoy [and 2 others]. |
||
| 260 |
_aSan Francisco, CA. : _bJossey-Bass, _cc2013. |
||
| 300 |
_axvi, 304 pages : _billustrations ; _c28 cm. |
||
| 500 | _aIncludes bibliographical references (p. 285-286). | ||
| 650 | 0 |
_94292 _aEmotional intelligence |
|
| 650 | 0 |
_94294 _aStudents _xPsychology. |
|
| 650 | 0 |
_94295 _aSuccess _xPsychological aspects. |
|
| 700 |
_94296 _aStein, Steven J. |
||
| 700 |
_94297 _aBook, Howard E. |
||
| 942 |
_2ddc _cDC |
||
| 999 |
_c1417 _d1417 |
||